|
|
|
|
| LEADER |
00675nam a22001817a 4500 |
| 020 |
|
|
|a 9789380884530
|
| 082 |
|
|
|a M 894.812 092
|b KUN/M
|
| 100 |
|
|
|a Payyannur Kunhiraman
|9 51538
|
| 245 |
|
|
|a Muringamaram chanja veedu/
|c by Payyannur Kunhiraman.
|
| 260 |
|
|
|a Thrissur:
|b Green Books House,
|c 2011.
|
| 300 |
|
|
|a 91p.
|
| 600 |
|
|
|a Pathmanaban T
|9 51539
|
| 650 |
|
|
|a Biography Pathmanaban T
|9 51540
|
| 650 |
|
|
|a Biography Writers Malayalam
|9 51541
|
| 650 |
|
|
|a Biography
|9 51542
|
| 942 |
|
|
|c BK
|
| 999 |
|
|
|c 72419
|d 72419
|
| 952 |
|
|
|0 0
|1 0
|4 0
|6 M_894_812000000000000_092_KUN_M
|7 0
|9 93155
|a SSUS
|b SSUS
|c STACKS
|d 2018-06-16
|g 75.00
|l 1
|o M 894.812 092 KUN/M
|p 090501
|r 2019-06-28
|s 2019-06-18
|w 2018-06-16
|y BK
|